<?xml version="1.0" encoding="UTF-8"?>
<collection xmlns="http://www.loc.gov/MARC21/slim">
    <record>
        <controlfield tag="001">86248</controlfield>
        <controlfield tag="005">20191128095713.0</controlfield>
        <datafield tag="024" ind1="8" ind2=" ">
            <subfield code="2">sideral</subfield>
            <subfield code="a">113752</subfield>
        </datafield>
        <datafield tag="037" ind1=" " ind2=" ">
            <subfield code="a">ART-2019-113752</subfield>
        </datafield>
        <datafield tag="041" ind1=" " ind2=" ">
            <subfield code="a">spa</subfield>
        </datafield>
        <datafield tag="100" ind1=" " ind2=" ">
            <subfield code="0">(orcid)0000-0002-9414-4720</subfield>
            <subfield code="a">Valle Melendo, Jesus Javier del</subfield>
        </datafield>
        <datafield tag="245" ind1=" " ind2=" ">
            <subfield code="a">Vulcanismo en España</subfield>
        </datafield>
        <datafield tag="260" ind1=" " ind2=" ">
            <subfield code="c">2019</subfield>
        </datafield>
        <datafield tag="506" ind1="0" ind2=" ">
            <subfield code="a">Access copy available to the general public</subfield>
            <subfield code="f">Unrestricted</subfield>
        </datafield>
        <datafield tag="520" ind1="3" ind2=" ">
            <subfield code="a">Los volcanes suelen estar en las zonas de contacto de las diferentes placas en las que está dividida la corteza terrestre, especialmente en las dorsales oceánicas y en las que se produce subducción, es decir, hundimiento del borde de una placa bajo la otra empujada por la corteza nueva generada en las dorsales mencionadas. Estas zonas son también especialmente favorables para la generación de terremotos. No obstante, también hay volcanes que no se relacionan con este proceso, sino que El vulcanismo es un fenómeno que nos indica que el planeta está activo y en permanente transformación, espectacular, atractivo, potencialmente peligroso pero estrechamente relacionado con la vida. En el planeta hay numerosos volcanes activos o no, y sin duda los procesos relacionados con ellos han se explican por debilidades en la corteza terrestre por la presencia de conjuntos de fallas o por los llamados "puntos calientes". España no suele ser asociado con un país especialmente rico en fenómenos volcánicos, pero si que hay algunos ejemplos de ellos que merece la pena conocer y que añaden geodiversidad a un país enormemente variado en lo climático, paisajístico, biológico, y en tantos aspectos.</subfield>
        </datafield>
        <datafield tag="540" ind1=" " ind2=" ">
            <subfield code="9">info:eu-repo/semantics/openAccess</subfield>
            <subfield code="a">by-nc</subfield>
            <subfield code="u">http://creativecommons.org/licenses/by-nc/3.0/es/</subfield>
        </datafield>
        <datafield tag="655" ind1=" " ind2="4">
            <subfield code="a">info:eu-repo/semantics/article</subfield>
            <subfield code="v">info:eu-repo/semantics/publishedVersion</subfield>
        </datafield>
        <datafield tag="773" ind1=" " ind2=" ">
            <subfield code="g">1, 141 (2019), 106-110</subfield>
            <subfield code="p">Armas cuerpos</subfield>
            <subfield code="t">Armas y cuerpos</subfield>
            <subfield code="x">2488-8176</subfield>
        </datafield>
        <datafield tag="856" ind1="4" ind2=" ">
            <subfield code="s">669563</subfield>
            <subfield code="u">http://zaguan.unizar.es/record/86248/files/texto_completo.pdf</subfield>
            <subfield code="y">Versión publicada</subfield>
        </datafield>
        <datafield tag="856" ind1="4" ind2=" ">
            <subfield code="s">81901</subfield>
            <subfield code="u">http://zaguan.unizar.es/record/86248/files/texto_completo.jpg?subformat=icon</subfield>
            <subfield code="x">icon</subfield>
            <subfield code="y">Versión publicada</subfield>
        </datafield>
        <datafield tag="909" ind1="C" ind2="O">
            <subfield code="o">oai:zaguan.unizar.es:86248</subfield>
            <subfield code="p">articulos</subfield>
            <subfield code="p">driver</subfield>
        </datafield>
        <datafield tag="951" ind1=" " ind2=" ">
            <subfield code="a">2019-11-27-15:44:29</subfield>
        </datafield>
        <datafield tag="980" ind1=" " ind2=" ">
            <subfield code="a">ARTICLE</subfield>
        </datafield>
    </record>

    
</collection>